000 01973cam a22003614a 4500
001 17468004
003 ARRUPE
005 20140315020010.0
008 120919s2010 nr ab b 001 0 eng c
010 _a 2012475530
020 _a9789784908962
020 _a9784908964
035 _a(OCoLC)ocm27417225
040 _aOUN
_cOUN
_eappm
_dOCL
_dOCLCQ
_dOCLCG
_dOUN
_dINU
_dOSU
_dDLC
042 _apcc
043 _af-nr---
050 0 0 _aHT1394.N5
_bS53 2010
245 0 0 _aSlavery and slave trade in Nigeria :
_bfrom earliest times to the nineteenth century /
_cedited by J.F. Ade Ajayi and Okon Uya.
260 _aIbadan :
_bSafari Books,
_c2010.
300 _axvi, 215 p. :
_bill., maps ;
_c23 cm.
504 _aIncludes bibliographical references and index.
505 0 0 _tIntroduction /
_rJ.F. Ade Ajayi and Okon Edet Uya --
_tSlavery and slave trade in Sokoto and Kebbi states /
_rMahdi Adamu --
_tSlave trade and slavery in the north east region of Nigeria /
_rSa'ad Abubakar --
_tSlavery and relics of slavery in Bornu and the three emirates /
_rBawuro M. Barkindo --
_tSlavery and slave trade in the Middle Niger and Confluence area /
_rI. Shaaba Jimada --
_tIndigenous slavery and slave trade in the Cross River region /
_rOkon Edet Uya --
_tSlavery and slave trade in Niger Delta and its hinterlands /
_rAbi A. Derefaka --
_tSlavery and the trans-Atlantic slave trade in southwestern Nigeria /
_rAkin Alao --
_tSlavery, slave trade and the state in pre-colonial Nigeria /
_rOkon Edet Uya.
650 0 _aSlavery
_zNigeria
_xHistory.
_93817
650 0 _aSlave trade
_zNigeria
_xHistory.
_93818
651 0 _aNigeria
_xHistory
_yTo 1851.
_93819
651 0 _aNigeria
_xHistory
_y1851-1899.
_93820
700 1 _aAjayi, J. F. Ade.
_93821
700 1 _aUya, Okon Edet.
_93822
906 _a7
_bcbc
_cpccadap
_d3
_encip
_f20
_gy-gencatlg
942 _2lcc
_cMONOGRAPH
_01
999 _c118679
_d118679